000 01346nam a2200349 i 4500
003 EG-GICUC
005 20260218091426.0
008 260112s1973 ua o|||fr|||| 00| 0 ara d
017 _a3323/1973
040 _a EG-GICUC
_bara
_c EG-GICUC
_d EG-GICUC
_erda
041 0 _aAra
082 0 4 _221
_a343.61
_bع ب . ب
092 0 4 _221
099 _aLaw1 10 343.61 ع ب . ب 1973
100 0 _aعبدالعزيز حمدى
_eمؤلف.
245 1 2 _aالبحث الفنى فى مجال الجريمة.
_nالجزء الأول/
_cتأليف عميد دكتور عبدالعزيز حمدى.
250 _aالطبعة الأولى
264 1 _aالقاهرة :
_bعالم الكتب،
_c1973.
300 _a256 صفحة :
_b صور ؛
_c24 سم.
336 _2rda content
_atext
337 _2rda media
_aComputer
338 _2rda carrier
_aOnline Resource
490 _aسلسلة كشف الجريمة بالوسائل العلمية الحديثة
504 _aببليوجرافيا: صفحات247-248.
546 _aالنص باللغة العربية
650 1 _aقواعد ووسائل البحث في علم الإجرام
_2qrmak
650 1 _aالقانون الجنائى
_2qrmak
651 1 _2qrmak
856 4 0 _uhttps://fll.law.cu.edu.eg/fulltext/bks/B10-07751.pdf
905 _a54
_eYara
942 _2ddc
_cBK
_e21
_n0
999 _c56585
_d56585